REFORMISMO Y REVOLUCION EN EL PENSAMIENTO LATINOAMERICANO/

INCLUYE BIBLIOGRAFIA

Shranjeno v:
Bibliografske podrobnosti
Glavni avtor: Villegas, Abelardo (autor)
Format: Knjiga
Teme:
Oznake: Označite
Brez oznak, prvi označite!

MARC

LEADER 00000nam^a2200000^a^4500
001 000224319
005 20250521000000.0
009 20260310104044.853
035 |a 043138 
037 |a Acervo Xavier Clavigero 
082 |a 320. 98 VIL 
100 |a Villegas, Abelardo  |e (autor) 
245 1 0 |a REFORMISMO Y REVOLUCION EN EL PENSAMIENTO LATINOAMERICANO/  |c ABELARDO VILLEGAS 
264 |a MEXICO :  |b SIGLO XXI,  |c 1972 
300 |a 359p. 
336 |a texto  |b txt  |2 rdacontenido 
337 |a sin mediación  |b n  |2 rdamedio 
338 |a volumen  |b nc  |2 rdasoporte 
520 |a INCLUYE BIBLIOGRAFIA 
649 |a XX 
650 |a Política -  |z Iberoamérica 
650 |a REVOLUCIONES -  |x HISPANOAMERICA 
910 |a Fondo General 
920 |a Impresos - Libros 
930 |a Colección General 
905 |a 101 
901 |a 043138  |b IT1  |c ACC  |i 043138  |u 20250521 
902 |a https://opac.biblio.iteso.mx/vufind/Record/000224319